02914cam a2200337Mi 4500001001000000003000600010005001700016007000300033008004100036020004900077020004600126035003900172040005900211082002900270100003900299245008000338264004300418300003000461336002600491337002800517338002700545490002200572500014600594504006800740505048500808520105001293600002702343600004502370650002502415776013602440966567365OCoLC20250123132832.0ta161222s2017 mnu b 001 0 eng d a9781506423449q(hardcover ;qalkaline paper) a1506423442q(hardcover ;qalkaline paper) a(OCoLC)966567365z(OCoLC)966609474 aYDXbengerdacYDXdGGBdLNTdOCLCFdU3GdOCLCQdOCLCO04a230.01a189.2223bHAY 11 aHayes, Andrew David Robin,eauthor10aJustin against Marcion :bdefining the Christian philosophy /cAndrew Hayes 1aMinneapolis :bFortress Press,c[2017] axxxiv, 236 pages ;c24 cm atextbtxt2rdacontent aunmediatedbn2rdamedia avolumebnc2rdacarrier1 aEmerging scholars aRevision of the author's thesis (Ph. D.)--King's College London, 2015 under title: Defining Christianity : Justin's contra-Marcionite defence aIncludes bibliographical references (pages 221-231) and indexes00g1.tWho Are the "Christians"? --tPersecution --tGreco-Roman Perspectives --tTeacher and Pupils --g2.tReading between the Lines: The Conspicuousness of Marcion in the Dialogue --tThe Dialogue: Introduction and Commentary --tRepetition of Themes in the Dialogue --tPhilosophies and "Christians" --tConclusion --g3.tCase by Case --tIntroduction --tPolitics --tWho Are the Atheists? --tEvidence of True Worship --tDifferent Teacher, Different Confession --tConclusion aIn a period where Christianity was only beginning to form a definitive identity, Marcion played a remarkable and generative role. Andrew Hayes takes the measure of his impact on second-century Christianity through a close examination of the topics and structure of Justin Martyr's writings, especially the Dialogue with Trypho, demonstrating that Justin repeatedly described Christianity in a contra-Marcionite fashion. Arguing that the early part of the Dialogue is in fact a contra- Marcionite prelude to all the major themes in the rest of the piece, Hayes claims that the chief task Justin took for himself was to seize back from Marcion the terms of Christian self-definition. Marcion is thus far more important for Justin's work than the few places where he is explicitly named might suggest, and Hayes shows that these texts are far from anomalous: they reveal Justin's deeper agenda of presenting Marcion as a demonic instrument. Students of the second century, of Marcion and of Justin alike, will find much to reevaluate in these pages00aJustin,cMartyr, Saint00aMarcion,cof Sinope,dactive 2nd century 0aChristian philosophy08iElectronic version:aHayes, Andrew.tJustin against Marcion.dMinneapolis : Fortress Press, [2017]z9781506420400w(OCoLC)982492764